Plus grandes puissances aérienne du monde - Statistiques

Statistiques générales
  • Ce quiz a été pris 195 fois
  • Le résultat moyen est 12 sur 15
Statistiques - réponses
rang nombre total d'aéronefs militaires (en 2022) Pays % Correct
3 3 285 Chine
99%
1 13 247 États Unis
99%
10 1 055 France
99%
2 4 173 Russie
99%
15 693 Royaume-Uni
96%
4 2 182 Inde
93%
6 1 449 Japon
91%
5 1 595 Corée du Sud
86%
13 862 Italie
79%
7 1 387 Pakistan
75%
9 1 057 Turquie
71%
11 946 Corée du nord
69%
12 897 Arabie Saoudite
64%
8 1 062 Egypte
63%
14 741 Taïwan
33%
Aucun quiz correspondant
Distribution des résultats
% des personnes avec chaque résultat
Percentile par nombre de réponses
Votre historique - résultats
Vous n’avez pas pris ce quiz